Los diez puertos más bellos del Mediterráneo - Estadísticas

Estadísticas generales
  • Esta prueba ha sido intentada 14 veces
  • La puntuación promedio es 6 de 10
Estadísticas de respuestas
Hint Respuesta % Correcto
GR Atenas
86%
SP Barcelona
86%
IT Nápoles
71%
IT Roma
71%
IT Venecia
57%
HR Dubrovnik
50%
TR Estambul
43%
MT La Valeta
43%
GR Santorini
36%
Foto's Villefranche-sur-Mer
7%
No se encontraron pruebas coincidentes
Distribución de puntuación
Porcentaje de gente con cada puntuación
Porcentaje por número respondido
Historial de tus puntuaciones
No has intentado esta prueba.